03143cam a22003854i 4500003000900000005001700009008004100026020001800067035002700085040003300112082002200145100003400167245008000201246006900281264003800350300003800388336002100426337002500447338002300472504002800495505204900523526001002572526001002582526001002592526001002602526000802612526000802620526000802628526000802636526000802644526000802652526000802660541002602668630006302694PE-LiUPU20250731173337.0150706s2007 nyu rb 000 0 eng d a9780809144785 a(Sirsi) i9780809144785 aPE-LiUPUbspacPE-LiUPUerda04a224/.061bM282211 aMattehews, Victor H.,eautor.10a101 Questions and Answers on the prophetis of israel /cVictor H. Matthews.3 aOne hundred one questions and Answers on the prophetis of israel 1aNew York :bPaulist Press,c2007. a160 páginas ;c21 centímetros atext2rdacontent aunmediated2rdamedia avolume2rdacarrier aIncluye bibliografía.0 aThe 101 Questions And Answers -- What are the prophetic books in the Bible? -- What is the difference between the "early" and "later" prophets? -- What is the nature of a prophetic call or vocation? -- Are there different types of prophets in Israelite society? -- Do the prophets speak mainly during times of crisis? -- What were the various types of biblical prophecy? -- Were there prophets in other ancient Near Eastern countries? -- What is the difference between priests and prophets? -- What was the relationship between prophets and kings? -- What is a basic chronology of the prophets within the history of ancient Israel? -- Prophets in the Pentateuch -- Is Abraham a prophet? (Gen 20) -- Is Moses a prophet? -- Why do the seventy elders prophesy in Numbers 11:24-30? -- Why does the foreign prophet Balaam speak in the name of Yahweh? (Numbers 22-24) -- Two: Early Momarchy Period -- How does the Deuteronomistic Historian portray the prophets and prophecy? -- Is Samuel a prophet? -- What is the significance of Saul¿s prophetic frenzy? (1 Sam 10:6-7, 10) -- Why does the prophet Nathan tell David that God does not want a temple? (2 Sam 7:1-17) -- Why did Nathan use a parable to condemn David? (2 Sam 12:1-15) -- Why does the prophet Gad offer David the choice of three calamities? (2 Sam 24:12-14) -- Why does the prophet Ahijah tear up Jeroboam's robe? (1 Kgs 11:29-40) -- Why does the unnamed prophet of Judah first curse Jeroboam and then cure his arm? (1 Kgs 13:1-10) -- Does the unknown prophet of Bethel actually lie to his fellow prophet from Judah? (1 Kgs 13:11-32) -- Why is Elijah's battle against the prophets of Baal on Mt. Carmel so critical? (1 Kgs 18:19-40) -- What happened to Elijah on Mt. Horeb? (1 Kgs 19:9-18) -- Why does God defer Ahab's punishment? (1 Kgs 21:20-29) -- Can one prophet contradict another prophet? (Micaiah in 1 Kgs 22:5-28) -- Why does a prophet work miracles for his own followers? (2 Kgs 4; 6:1-7) -- Why should a foreigner who worships other gods consult a prophet of Yahweh? (1 Kgs 5). aSEG42 aSEG41 aSEG40 aSEG39 aP94 aP87 aP86 aP85 aP77 aP76 aP35 g20081126230934D47324; aBiblia.pA.T.pProfetasvCrítica, interpretación, etc.